Missing Word: Famous Entrepreneurs Quiz Stats

 Plays Quiz Updated Jun 27, 2014

Support Sporcle.
Go Orange.
Score 0/20 Timer 05:00
3 Plays Today
Entrepreneur Missing Word % Correct
______ GatesBill
99.5%
Steve ______Jobs
91.7%
Colonel ______Sanders
85.1%
Mark ______Zuckerberg
72.2%
John D. ______Rockefeller
68.5%
Ted ______Turner
67.8%
______ ThomasDave
65.5%
Rupert ______Murdoch
63.7%
______ WaltonSam
59.5%
Ray ______Kroc
47.4%
Entrepreneur Missing Word % Correct
Phil ______Knight
25.1%
______ HersheyMilton
21.9%
______ BrinSergey
19.9%
______ WilsonRalph
15%
______ DorseyJack
12.3%
Jimmy ______Wales
10.8%
______ E. OldsRansom
10.1%
Mike ______Ilitch
9%
______ OmidyarPierre
7.2%
William C. ______Durant
5.9%

Today's Daily Dose

You're not logged in!

Compare scores with friends on all Sporcle quizzes.
OR
Log In

From the Vault

NBA 21 and Under All-Stars

by chrisofspades

Welcome to one of the few clubs that's under 21 only.
Remove Ads.
Support Sporcle.
Get the best of Sporcle when you Go Orange. This ad-free experience offers more features, more stats, and more fun while also helping to support Sporcle. Thank you for becoming a member.

Show Comments

Extras

Top Quizzes Today


Score Distribution

Your Account Isn't Verified!

In order to create a playlist on Sporcle, you need to verify the email address you used during registration. Go to your Sporcle Settings to finish the process.

Report this User

Report this user for behavior that violates our Community Guidelines.

Details: